Movies Quiz

Random Movies or Halloween Quiz
Score 0/20 Timer 08:00
0 Plays Today
Description Film % Correct
A killer clown.It
93%
Killer who stalks his victims in their dreams.A Nightmare on Elm Street
91.2%
Young Andy Barclay gets the doll he wanted. However, he did not know it was alive!Child's Play
88.5%
Killer video tape.The Ring
88.4%
Five friends visiting their grandpa's old house are hunted down and terrorized by a chainsaw wielding killer and his family of grave-robbing cannibals.The Texas Chain Saw Massacre
88.1%
When a teenager is possessed by a mysterious entity, her mother seeks the help of two priests to save her daughter. The Exorcist
87.6%
A killer known as 'ghost face' begins killing off teenagers.Scream
86%
Camp counselors are stalked and murdered by an angry mother.Friday the 13th
85.8%
In October of 1994, three student film makers disappeared in the woods near Burkittesville, Maryland.The Blair Witch Project
85.3%
People are captured and put through life-changing tests.Saw
82.3%
Description Film % Correct
A psychotic murderer goes on rampage after escape from mental house.Halloween
80%
A young FBI cadet must confide in an incarcerated and manipulative killer to receive his help on catching another serial killer who skins his victims.The Silence of the Lambs
79.2%
A young woman steals $40,000 from her employer's client, and subsequently encounters a young motel proprietor too long under the domination of his mother.Psycho
77.4%
Dead pets come back to life after being burried.Pet Sematary
75.8%
An American ambassador learns to his horror that his son is actually the literal Antichrist.The Omen
75%
A suburban American family is being stalked by a group of psychotic people who live in the desert, far away from civilization.The Hills Have Eyes
68.9%
Asain ghosts that kill.The Grudge
65.6%
After moving into a suburban home, a couple becomes increasingly disturbed by a nightly demonic presence.Paranormal Activity
63.6%
Newlyweds move into a house where a murder was committed, and experience strange manifestations which drive them away.The Amityville Horror
57.7%
Group of teenagers catch a flesh-eating disease.Cabin Fever
52.6%
Remove Ads.
Support Sporcle.
Get the best of Sporcle when you Go Orange. This ad-free experience offers more features, more stats, and more fun while also helping to support Sporcle. Thank you for becoming a member.

You're not logged in!

Compare scores with friends on all Sporcle quizzes.
OR
Log In

Show Comments

Extras

Top Quizzes Today


Score Distribution

Your Account Isn't Verified!

In order to create a playlist on Sporcle, you need to verify the email address you used during registration. Go to your Sporcle Settings to finish the process.

Report this User

Report this user for behavior that violates our Community Guidelines.

Details: